000 00521nam a2200217Ia 4500
003 OSt
005 20221007082237.0
006 a|||||r|||| 00| 0
007 ta
008 221006b |||||||| |||| 00| 0 eng d
024 _a25,405
037 _cTextual
040 _aFLL
_cFLL
_beng
041 _2eng
_aeng
082 _aX724:Z2, K3:Lo.1
245 0 _aIncome-tax act-1961
260 _c1963
300 _acxxxii,1554p
_ccm.
942 _hX724:Z2, K3:Lo.1
_cTEXL
_2CC
999 _c1165799
_d1165799